| 000 | 00000nam##2200000za#4500 |
| 001 | 9.644125 |
| 003 | CaOODSP |
| 005 | 20210624224511 |
| 007 | cr ||||||||||| |
| 008 | 150407|2015||||xxc|||||o f|0| 0 fre|d |
| 020 | |a978-0-660-23144-0 |
| 040 | |aCaOODSP|bfre |
| 043 | |an-cn--- |
| 086 | 1 |aEn4-144/60-2015F-PDF |
| 110 | 1 |aCanada. |bEnvironnement Canada. |
| 245 | 10|aSources des données et méthodes de l'indicateur sur la gestion de la qualité des effluents des usines de pâtes et papiers au Canada |h[ressource électronique] |
| 246 | 17|aIndicateurs canadiens de durabilité de l'environnement |
| 260 | |aGatineau - Québec : |bEnvironnement Canada |cJanvier 2015. |
| 300 | |a5p.|bréférences |
| 590 | |a15-07|b2015-02-13 |
| 691 | 07|aIndustrie des pâtes et papiers|2gcpds |
| 691 | 07|aIndicateurs environnementaux|2gcpds |
| 775 | 08|tData sources and methods for the managing pulp and paper effluent quality in Canada indicator |w(CaOODSP)9.700231 |
| 856 | 40|ahttp://publications.gc.ca|qPDF|s318 Ko|uhttps://publications.gc.ca/collections/collection_2015/ec/En4-144-60-2015-fra.pdf |